Manual of standard practice for detailing reinforced concrete structures (ACI 315-57)
Uloženo v:
| Korporativní autor: | |
|---|---|
| Médium: | Kniha |
| Jazyk: | English |
| Vydáno: |
Detroit,
1957.
|
| Témata: | |
| Tagy: |
Přidat tag
Žádné tagy, Buďte první, kdo vytvoří štítek k tomuto záznamu!
|
MARC
| LEADER | 00000nam a2200000Ia 4500 | ||
|---|---|---|---|
| 003 | 003314 | ||
| 005 | 20221231143949.0 | ||
| 008 | 140114s1957 us a 000 ||eng d | ||
| 040 | |c cru CEDI | ||
| 082 | |a 693.5 A512m | ||
| 110 | |9 21662 |a American Concrete Institute. Committee 315 | ||
| 245 | |a Manual of standard practice for detailing reinforced concrete structures (ACI 315-57) | ||
| 260 | |a Detroit, |c 1957. | ||
| 300 | |a 86 páginas ilustraciones. 29 cm. | ||
| 650 | |x CONSTRUCCIONES DE HORMIGON |9 21663 | ||
| 942 | |2 ddc |c BK | ||
| 999 | |c 14896 |d 14896 | ||
